000 00683nam a2200193 4500
001 144063
003 ES-MaACL
005 20240203062548.0
007 t|
008 070214s1923 sp r ||||1| spa d
100 1 _aSimonena y Zabalegui, Antonio.
_9106567
245 1 1 _a[Del orden en la universidad]
_b: discurso leído en la solemne inauguración del curso académico de 1923 a 1924 /
_cpor Antonio Simonena y Zabalegui.
260 _aMadrid :
_b[s. n.],
_c1923 (
_fImp. Colonial)
300 _a71 p. ;
_c27 cm.
500 _aPrecede al tít.: Universidad Central.
710 2 _aUniversidad Central (Madrid)
_97084
852 _aES-MaACL
_j1660-F-8
999 _c144063
_d144063